Alle U-Bahn Stationen Deutschsprachiger Städte Teil 1 - Statistiken

Allgemein
  • Dieses Quiz wurde 146 mal gespielt
  • Das Durchschnittsergebnis liegt bei 272 aus 441
Antwortstatistiken
Stadt Stationen % Korrekt
Berlin U2 | Berlin U5 | Berlin U8 Alexanderplatz
90%
Berlin U5 | München U1 | München U2 | +2 others Hauptbahnhof
89%
Wien U2 Rathaus
83%
Berlin U5 Brandenburger Tor
81%
Berlin U6 Friedrichstraße
80%
Berlin U5 | Berlin U6 Unter den Linden
80%
Berlin U2 | Berlin U9 Zoologischer Garten
80%
Berlin U5 Bundestag
79%
Berlin U8 Gesundbrunnen
79%
Berlin U2 Pankow
79%
Berlin U2 Potsdamer Platz
79%
Berlin U5 Museumsinsel
78%
Berlin U2 Olympia-Stadion
78%
München U5 Ostbahnhof
78%
Berlin U1 | Berlin U3 | Berlin U8 Kottbusser Tor
77%
Wien U1 | Wien U2 | Wien U4 Karlsplatz
76%
München U3 | München U6 Marienplatz
76%
Berlin U7 Neukölln
76%
Berlin U1 | Berlin U3 Warschauer Straße
76%
Berlin U1 | Berlin U2 | Berlin U3 Wittenbergplatz
76%
Berlin U1 | Berlin U2 | Berlin U3 Gleisdreieck
75%
Berlin U5 Hönow
75%
Berlin U1 | Berlin U9 Kurfürstendamm
75%
Berlin U2 Ruhleben
75%
Berlin U5 Tierpark
75%
Wien U3 | Wien U6 Westbahnhof
75%
Berlin U7 Rathaus Spandau
74%
Berlin U2 Rosa-Luxemburg-Platz
74%
Berlin U6 Alt-Tegel
73%
Berlin U8 Hermannstraße
73%
Berlin U3 Krumme Lanke
73%
Berlin U5 Lichtenberg
73%
Berlin U1 | Berlin U2 | Berlin U3 | Berlin U4 Nollendorfplatz
73%
Berlin U3 Onkel Toms Hütte
73%
Berlin U2 Schönhauser Allee
73%
Berlin U6 Tempelhof
73%
Berlin U1 | Berlin U3 | Berlin U7 Möckernbrücke
72%
München U3 | München U4 | München U5 | München U6 Odeonsplatz
72%
Berlin U8 | Berlin U9 Osloer Straße
72%
Berlin U5 Rotes Rathaus
72%
Berlin U7 Rudow
72%
Berlin U1 Uhlandstraße
72%
Berlin U6 Wedding
72%
Berlin U6 Alt-Mariendorf
71%
Berlin U3 Augsburger Straße
71%
Berlin U2 Bülowstraße
71%
Berlin U9 Bundesplatz
71%
Berlin U2 Eberswalder Straße
71%
Berlin U5 Frankfurter Allee
71%
Berlin U1 | Berlin U3 Görlitzer Bahnhof
71%
Berlin U1 | Berlin U3 | Berlin U6 Hallesches Tor
71%
Berlin U9 Hansaplatz
71%
Berlin U7 | Berlin U8 Hermannplatz
71%
Berlin U4 Innsbrucker Platz
71%
Berlin U8 Jannowitzbrücke
71%
Berlin U2 Klosterstraße
71%
Berlin U8 Leinestraße
71%
Berlin U2 Märkisches Museum
71%
Berlin U2 Mohrenstraße
71%
Berlin U6 Oranienburger Tor
71%
Berlin U1 | Berlin U3 Schlesisches Tor
71%
Berlin U2 Senefelderplatz
71%
Berlin U2 Spittelmarkt
71%
Berlin U2 | Berlin U6 Stadtmitte
71%
München U3 | München U6 Universität
71%
Berlin U2 Vinetastraße
71%
Berlin U8 Wittenau
71%
Berlin U7 Yorckstraße
71%
Berlin U7 Adenauerplatz
70%
Berlin U7 | Berlin U9 Berliner Straße
70%
Berlin U8 Bernauer Straße
70%
Berlin U2 Ernst-Reuter-Platz
70%
Berlin U3 | Berlin U7 Fehrbelliner Platz
70%
Berlin U2 Hausvogteiplatz
70%
Berlin U5 Hellersdorf
70%
Berlin U3 | München U2 Hohenzollernplatz
70%
München U3 | München U6 Implerstraße
70%
Berlin U6 | Berlin U9 Leopoldplatz
70%
Berlin U6 | Berlin U7 Mehringdamm
70%
München U3 Moosach
70%
Berlin U1 | Berlin U3 Prinzenstraße
70%
Berlin U9 Rathaus Steglitz
70%
Berlin U5 Samariterstraße
70%
München U1 | München U2 | München U3 | München U6 Sendlinger Tor
70%
Berlin U2 Theodor-Heuss-Platz
70%
Berlin U7 Wilmersdorfer Straße
70%
Berlin U7 Zitadelle
70%
Berlin U7 Altstadt Spandau
69%
Berlin U4 | Berlin U7 Bayerischer Platz
69%
Berlin U2 | Berlin U7 Bismarckstraße
69%
Berlin U6 Borsigwerke
69%
Berlin U2 Deutsche Oper
69%
Berlin U5 Frankfurter Tor
69%
Berlin U5 Friedrichsfelde
69%
Berlin U3 Heidelberger Platz
69%
Berlin U7 Jungfernheide
69%
Berlin U7 Kleistpark
69%
Berlin U1 | Berlin U3 Kurfürstenstraße
69%
München U2 Messestadt Ost
69%
München U2 Messestadt West
69%
Berlin U6 Naturkundemuseum
69%
München U1 | München U3 Olympia-Einkaufszentrum
69%
Berlin U8 Rosenthaler Platz
69%
Berlin U9 Turmstraße
69%
Berlin U5 Weberwiese
69%
Berlin U9 Westhafen
69%
Berlin U5 Wuhletal
69%
Berlin U9 Amrumer Straße
68%
Berlin U5 Biesdorf-Süd
68%
Berlin U7 Britz-Süd
68%
Berlin U5 Elsterwerdaer Platz
68%
Berlin U7 Grenzallee
68%
Berlin U7 Halemweg
68%
Berlin U7 Haselhorst
68%
Berlin U6 Kaiserin-Augusta-Straße
68%
Berlin U8 Karl-Bonhoeffer-Nervenklinik
68%
Berlin U5 Kaulsdorf-Nord
68%
Berlin U6 Kochstraße
68%
Berlin U7 Konstanzer Straße
68%
Berlin U6 Kurt-Schumacher-Platz
68%
Berlin U5 Louis-Lewin-Straße
68%
Berlin U5 Magdalenenstraße
68%
Berlin U2 Mendelssohn-Bartholdy-Park
68%
München U2 Moosfeld
68%
Berlin U8 Moritzplatz
68%
Berlin U9 Nauener Platz
68%
München U5 Neuperlach Süd
68%
Berlin U3 Oskar-Helene-Heim
68%
Berlin U8 Paracelsus-Bad
68%
Berlin U7 Paulsternstraße
68%
Berlin U6 Platz der Luftbrücke
68%
München U3 | München U6 Poccistraße
68%
Berlin U7 Rathaus Neukölln
68%
Berlin U7 Rohrdamm
68%
Berlin U5 Schillingstraße
68%
Berlin U9 Schloßstraße
68%
Berlin U8 Schönleinstraße
68%
Berlin U7 Siemensdamm
68%
Berlin U3 | Berlin U9 Spichernstraße
68%
Wien U1 | Wien U3 Stephansplatz
68%
Berlin U5 Strausberger Platz
68%
Berlin U8 Voltastraße
68%
Berlin U6 Afrikanische Straße
67%
Berlin U6 Alt-Tempelhof
67%
Berlin U9 Birkenstraße
67%
Berlin U7 Blaschkoallee
67%
Berlin U7 Blissestraße
67%
Berlin U5 Cottbusser Platz
67%
Berlin U3 Dahlem-Dorf
67%
Berlin U7 Gneisenaustraße
67%
Berlin U9 Güntzelstraße
67%
Berlin U8 Heinrich-Heine-Straße
67%
Berlin U7 Jakob-Kaiser-Platz
67%
Berlin U7 Johannisthaler Chaussee
67%
Berlin U2 Kaiserdamm
67%
Berlin U8 Lindauer Allee
67%
Berlin U7 Mierendorffplatz
67%
München U2 Milbertshofen
67%
Berlin U2 Neu-Westend
67%
Wien U3 Ottakring
67%
Berlin U6 Paradestraße
67%
Berlin U7 Parchimer Allee
67%
Berlin U3 Podbielskiallee
67%
Berlin U8 Rathaus Reinickendorf
67%
Berlin U4 Rathaus Schöneberg
67%
Berlin U6 Rehberge
67%
Berlin U8 Residenzstraße
67%
Berlin U7 Richard-Wagner-Platz
67%
Berlin U3 Rüdesheimer Platz
67%
Berlin U6 Schwartzkopffstraße
67%
Berlin U6 Seestraße
67%
Berlin U7 Südstern
67%
München U2 Trudering
67%
Berlin U4 Viktoria-Luise-Platz
67%
Berlin U8 Weinmeisterstraße
67%
Berlin U6 Westphalweg
67%
Berlin U7 Wutzkyallee
67%
Berlin U7 Zwickauer Damm
67%
Berlin U3 Breitenbachplatz
66%
Berlin U7 Eisenacher Straße
66%
Berlin U8 Franz-Neumann-Platz
66%
München U6 Fröttmaning
66%
München U6 Garching
66%
München U2 Giesing
66%
München U6 Großhadern
66%
Berlin U6 Holzhauser Straße
66%
Berlin U7 Karl-Marx-Straße
66%
Berlin U5 Kienberg (Gärten der Welt)
66%
München U6 Klinikum Großhadern
66%
Wien U3 | Wien U4 Landstraße
66%
München U4 | München U5 Lehel
66%
Berlin U7 Lipschitzallee
66%
München U3 Olympiazentrum
66%
Berlin U6 Otisstraße
66%
Berlin U8 Pankstraße
66%
Wien U1 | Wien U2 Praterstern
66%
Berlin U6 Reinickendorfer Straße
66%
Berlin U6 Scharnweberstraße
66%
Berlin U2 Sophie-Charlotte-Platz
66%
München U4 | München U5 Theresienwiese
66%
Berlin U6 Ullsteinstraße
66%
Berlin U9 Walther-Schreiber-Platz
66%
München U2 Frankfurter Ring
65%
München U1 | München U2 Fraunhoferstraße
65%
München U2 Königsplatz
65%
Wien U1 Oberlaa
65%
Wien U1 Taubstummengasse
65%
Wien U6 Floridsdorf
64%
Berlin U9 Friedrich-Wilhelm-Platz
64%
München U6 Garching-Forschungszentrum
64%
München U1 Gern
64%
München U6 Holzapfelkreuth
64%
München U4 | München U5 Karlsplatz (Stachus)
64%
Wien U4 Schönbrunn
64%
Wien U3 Simmering
64%
München U6 Harras
63%
Wien U4 Hietzing
63%
München U1 Mangfallplatz
63%
München U3 | München U6 Münchner Freiheit
63%
München U2 Feldmoching
62%
Berlin U3 Freie Universität (Thielplatz)
62%
Wien U6 Nußdorfer Straße
62%
Wien U2 Schottentor
62%
Wien U1 | Wien U4 Schwedenplatz
62%
Wien U1 Donauinsel
61%
Wien U3 Herrengasse
61%
Wien U2 Messe-Prater
61%
Wien U3 Neubaugasse
61%
Wien U3 Rochusgasse
61%
München U2 | München U3 Scheidplatz
61%
München U4 | München U5 Schwanthalerhöhe
61%
München U1 Stiglmaierplatz
61%
Wien U2 | Wien U3 Volkstheater
61%
München U6 Westpark
61%
München U2 Am Hart
60%
München U3 Bonner Platz
60%
München U6 Freimann
60%
München U2 Harthof
60%
Berlin U3 Nürnberger Platz
60%
Wien U1 Neulaa
59%
München U6 Partnachplatz
59%
Wien U2 | Wien U4 Schottenring
59%
München U4 Arabellapark
58%
Wien U6 Josefstädter Straße
58%
Wien U2 Stadion
58%
München U6 Studentenstadt
58%
München U3 | München U6 Giselastraße
57%
München U6 Haderner Stern
57%
Wien U1 Kagran
57%
München U2 Josephsplatz
56%
München U2 Kreillerstraße
56%
Wien U2 Krieau
56%
Wien U3 Stubentor
56%
Wien U1 Alte Donau
55%
Wien U1 Altes Landgut
55%
München U1 Candidplatz
55%
München U6 Garching-Hochbrück
55%
München U1 Georg-Brauchle-Ring
55%
Wien U1 Kagraner Platz
55%
München U3 Moosacher St.-Martins-Platz
55%
München U6 Nordfriedhof
55%
München U4 Prinzregentenplatz
55%
München U1 Rotkreuzplatz
55%
Wien U4 | Wien U6 Spittelau
55%
Wien U4 Stadtpark
55%
München U1 St.-Quirin-Platz
55%
München U1 Westfriedhof
55%
München U1 Wettersteinplatz
55%
Wien U1 Leopoldau
54%
München U4 | München U5 Max-Weber-Platz
54%
München U3 Thalkirchen
54%
München U2 Theresienstraße
54%
München U3 Fürstenried West
53%
München U3 | München U6 Goetheplatz
53%
München U1 Maillingerstraße
52%
Wien U6 Neue Donau
52%
München U3 Forstenrieder Allee
51%
München U1 | München U2 Kolumbusplatz
51%
München U5 Neuperlach Zentrum
51%
München U3 Petuelring
51%
Wien U6 Alterlaa
50%
München U2 Josephsburg
50%
Wien U4 Kettenbrückengasse
50%
München U5 Laimer Platz
50%
München U5 Michaelibad
50%
Wien U1 Nestroyplatz
50%
Wien U4 Ober St. Veit
50%
Wien U1 Südtiroler Platz-Hauptbahnhof
50%
Wien U4 Unter St. Veit
50%
München U3 Basler Straße
49%
München U3 Brudermühlstraße
49%
München U2 Dülferstraße
49%
Wien U3 Erdberg
49%
München U4 | München U5 Heimeranplatz
49%
Wien U1 Alaudagasse
48%
Wien U3 Enkplatz
48%
Wien U3 Gasometer
48%
München U2 Hasenbergl
48%
München U2 | München U5 Innsbrucker Ring
48%
München U5 Quiddestraße
48%
Wien U1 Reumannplatz
48%
Wien U2 Seestadt
48%
München U4 Böhmerwaldplatz
47%
München U4 Richard-Strauss-Straße
47%
München U2 Silberhornstraße
47%
Wien U1 Keplerplatz
46%
München U3 Machtlfinger Straße
46%
Wien U6 Dresdner Straße
45%
Wien U6 Handelskai
45%
München U6 Kieferngarten
45%
München U2 Untersbergstraße
45%
Wien U6 Währinger Straße-Volksoper
45%
München U4 | München U5 Westendstraße
45%
München U6 Alte Heide
44%
Wien U1 Kaisermühlen – VIC
44%
Wien U6 Perfektastraße
44%
München U5 Therese-Giehse-Allee
44%
München U6 Dietlindenstraße
43%
Wien U3 Zieglergasse
43%
Wien U4 Hütteldorf
42%
Wien U2 Donaumarina
41%
Wien U6 Gumpendorfer Straße
41%
Wien U4 Margaretengürtel
41%
Wien U6 Siebenhirten
41%
Wien U1 Troststraße
41%
München U2 Karl-Preis-Platz
40%
Wien U2 Stadlau
40%
Wien U2 Donauspital
39%
Wien U3 Kardinal-Nagl-Platz
39%
Wien U4 | Wien U6 Längenfeldgasse
39%
München U3 Obersendling
39%
Wien U3 Schlachthausgasse
39%
Wien U2 Donaustadtbrücke
38%
Wien U6 Erlaaer Straße
37%
Wien U1 Vorgartenstraße
37%
München U3 Aidenbachstraße
36%
München U5 Friedenheimer Straße
36%
Wien U3 Hütteldorfer Straße
36%
Wien U2 Taborstraße
36%
Wien U6 Alser Straße
35%
Wien U3 Johnstraße
35%
Wien U2 Museumsquartier
35%
München U3 Oberwiesenfeld
35%
Wien U3 Schweglerstraße
34%
Wien U6 Thaliastraße
32%
Wien U3 Zippererstraße
32%
Wien U2 Aspernstraße
31%
Wien U6 Burggasse-Stadthalle
31%
Wien U2 Aspern Nord
30%
Wien U6 Bahnhof Meidling
30%
Wien U6 Jägerstraße
29%
Wien U4 Pilgramgasse
29%
Wien U6 Am Schöpfwerk
25%
Wien U4 Friedensbrücke
25%
Wien U6 Tscherttegasse
25%
Wien U1 Aderklaaer Straße
24%
Wien U4 Braunschweiggasse
24%
Wien U4 Meidling Hauptstraße
24%
Wien U6 Michelbeuern-AKH
24%
Wien U1 Großfeldsiedlung
22%
Wien U1 Rennbahnweg
21%
Wien U2 Hausfeldstraße
18%
Wien U3 Kendlerstraße
18%
Wien U4 Roßauer Lände
18%
Wien U2 Hardeggasse
17%
Wien U4 Heiligenstadt
17%
Wien U6 Niederhofstraße
17%
Keine übereinstimmenden Quizze gefunden
Verteilung der Resultate
Anzahl Personen mit jedem Resultat
Perzentil nach korrekt beantworteten Fragen
Ihre Resultats-Entwicklung
Sie haben dieses Quiz noch nicht gespielt